Normal view
MARC view
Entry Personal Name
001 - CONTROL NUMBER
- control field: 5992
003 - CONTROL NUMBER IDENTIFIER
- control field: BD-RjUL
005 - DATE AND TIME OF LATEST TRANSACTION
- control field: 20221123101142.0
008 - FIXED-LENGTH DATA ELEMENTS
- fixed length control field: 221123|| aca||aabn | a|a d
040 ## - CATALOGING SOURCE
- Original cataloging agency: BD-RjUL
- Transcribing agency: BD-RjUL
100 ## - HEADING--PERSONAL NAME
- Personal name: Khalequzzaman, M. Supervision
670 ## - SOURCE DATA FOUND
- Source citation: Work cat.: (BD-RjUL)80834: Sultana, Mst. Shajia 5990, EFFECT OF CUSTARD APPLE (ANNONA SQUAMOSA L. ) EXTRACT ON THE MORTALITY OF THE RED-FLOUR BEETLE, TRIBOLIUM CASTANEUM HBST. :, 1992